[Event "Madrid ch Veteranos 2012-2013"]
[Site "Madrid ESP"]
[Date "2012.11.15"]
[Round "8.13"]
[White "Poblador Dieguez, Alfredo"]
[Black "Castro Uceda, Jose Antonio"]
[Result "0-1"]
[WhiteElo "1680"]
[BlackElo "1647"]
[PlyCount "129"]
[EventDate "2012.11.05"]
[EventType "swiss"]
[EventRounds "9"]
[EventCountry "ESP"]
[Source "lmi"]
[SourceDate "2012.11.05"]

1. d4 d5 2. c4 dxc4 3. Nc3 e6 4. e3 Nf6 5. Bxc4 Bb4 6. Qc2 c5 7. dxc5 Bxc5 8.
Nf3 Nbd7 9. a3 a6 10. O-O b5 11. Ba2 Bb7 12. b4 Bb6 13. Nd4 Bxd4 14. exd4 Rc8
15. Qd3 Qc7 16. Bb2 O-O 17. Rac1 Qf4 18. Ne2 Qg5 19. Ng3 Rfd8 20. Qe2 Nb6 21.
Bxe6 Rxc1 22. Bxc1 Qh4 23. Ba2 Nbd5 24. Bxd5 Nxd5 25. Qe5 Qg4 26. Re1 h6 27.
Ne4 Nc3 28. Ng3 Qxd4 29. Qxd4 Rxd4 30. Bb2 Rd3 31. h3 Nd5 32. Nf5 f6 33. Bc1
Nc3 34. Bb2 Ne4 35. f3 Nd6 36. Nxd6 Rxd6 37. Bc1 Kf7 38. Kf2 Rc6 39. Kf1 Rc2
40. Kg1 Rc4 41. Kf1 Rh4 42. Kg1 Rh5 43. Kh1 Rf5 44. Kg1 h5 45. Kh2 g5 46. Kg1
Rd5 47. Kh2 Rd4 48. Be3 Rc4 49. Bc5 Kg6 50. Re7 Bd5 51. Ra7 Rc2 52. Kg1 Rc1+
53. Kh2 Rc2 54. Kh1 Rc1+ 55. Bg1 Rc6 56. Bc5 Kf5 57. Kg1 Kf4 58. Kf2 Re6 59.
g3+ Ke5 60. Rh7 Bc4 61. Rxh5 Kf5 62. Be3 Rd6 63. h4 Kg6 64. g4 Rd3 65. Rxg5+
0-1

[Event "Madrid ch Veteranos 2012-2013"]
[Site "Madrid ESP"]
[Date "2012.11.15"]
[Round "8.14"]
[White "Martinez Martinez, Antonio"]
[Black "Osorio Ramos, Francisco"]
[Result "0-1"]
[WhiteElo "1659"]
[BlackElo "1831"]
[PlyCount "78"]
[EventDate "2012.11.05"]
[EventType "swiss"]
[EventRounds "9"]
[EventCountry "ESP"]
[Source "lmi"]
[SourceDate "2012.11.05"]

1. e4 c5 2. c4 Nc6 3. Nf3 Nf6 4. Nc3 e5 5. Bd3 Be7 6. O-O O-O 7. Bc2 d6 8. h3
Bd7 9. Nh2 Nd4 10. d3 a6 11. a4 b5 12. axb5 axb5 13. Rxa8 Qxa8 14. cxb5 Nxb5
15. Ne2 Nd4 16. Nxd4 cxd4 17. f4 Rc8 18. f5 d5 19. Nf3 dxe4 20. Nxe5 e3 21. Bb3
Be8 22. Bc4 Qb8 23. Nf3 Qb6 24. b3 Nh5 25. Bb2 Bf6 26. Qe1 Ra8 27. g4 Nf4 28.
Kh2 Ra2 29. Qb1 Rxb2+ 30. Qxb2 Qd6 31. Kh1 Bc6 32. Qh2 Bxf3+ 33. Rxf3 e2 34.
Qf2 Qc6 35. Kh2 Be5 36. Rxf4 Bxf4+ 37. Qxf4 Qe8 38. Bxf7+ Kxf7 39. Qc7+ Kg8 0-1

[Event "Madrid ch Veteranos 2012-2013"]
[Site "Madrid ESP"]
[Date "2012.11.15"]
[Round "8.15"]
[White "Martinez Rubio, Felipe"]
[Black "Roldan Garcia, Angel"]
[Result "1-0"]
[WhiteElo "1815"]
[BlackElo "1755"]
[PlyCount "37"]
[EventDate "2012.11.05"]
[EventType "swiss"]
[EventRounds "9"]
[EventCountry "ESP"]
[Source "lmi"]
[SourceDate "2012.11.05"]

1. d4 Nf6 2. Bg5 g6 3. Bxf6 exf6 4. c4 Bg7 5. Nc3 O-O 6. g3 d6 7. Bg2 f5 8. e3
Nd7 9. Nge2 Nf6 10. O-O Re8 11. Qc2 Qe7 12. Nd5 Nxd5 13. Bxd5 c6 14. Bf3 Qc7
15. Rac1 Rb8 16. b4 c5 17. d5 cxb4 18. Qa4 a5 19. Qxe8+ 1-0

[Event "Madrid ch Veteranos 2012-2013"]
[Site "Madrid ESP"]
[Date "2012.11.15"]
[Round "8.16"]
[White "Martinez Carrasco, Jesus"]
[Black "Alvarez Escudero, Manuel"]
[Result "1-0"]
[WhiteElo "1590"]
[BlackElo "1803"]
[PlyCount "67"]
[EventDate "2012.11.05"]
[EventType "swiss"]
[EventRounds "9"]
[EventCountry "ESP"]
[Source "lmi"]
[SourceDate "2012.11.05"]

1. d4 d5 2. c4 c6 3. Nf3 dxc4 4. Nc3 e6 5. e3 b5 6. a4 Bb4 7. Bd2 Nf6 8. axb5
Bxc3 9. Bxc3 cxb5 10. b3 Ne4 11. Qc2 Qd5 12. bxc4 bxc4 13. Ra5 Qb7 14. Ra1 Nd6
15. Rb1 Qc7 16. Bb4 O-O 17. Bd3 Nc6 18. Bxh7+ Kh8 19. Bc5 Qa5+ 20. Nd2 Rd8 21.
Bxd6 Rxd6 22. O-O Ba6 23. Ra1 Qb6 24. Rfb1 Nb4 25. Qe4 Rad8 26. Qh4 c3 27. Bd3+
Kg8 28. Rxa6 Qxa6 29. Bxa6 cxd2 30. Be2 Rc8 31. Rd1 Rc1 32. d5 Rd8 33. Qxb4
exd5 34. Qxd2 1-0

[Event "Madrid ch Veteranos 2012-2013"]
[Site "Madrid ESP"]
[Date "2012.11.15"]
[Round "8.17"]
[White "Garcia Lopez, Pedro"]
[Black "Martin Rodriguez, Jose Luis"]
[Result "1-0"]
[WhiteElo "1779"]
[BlackElo "1398"]
[PlyCount "69"]
[EventDate "2012.11.05"]
[EventType "swiss"]
[EventRounds "9"]
[EventCountry "ESP"]
[Source "lmi"]
[SourceDate "2012.11.05"]

1. d4 Nf6 2. c4 e6 3. a3 d5 4. e3 b6 5. Nc3 c5 6. Nf3 cxd4 7. exd4 dxc4 8. Bxc4
Bb7 9. Be3 Be7 10. O-O O-O 11. h3 Na6 12. Ne5 Nc7 13. Qe2 Ncd5 14. Rad1 Nxc3
15. bxc3 Nd5 16. Qb2 Qc7 17. Bxd5 Bxd5 18. c4 Bb7 19. Qb3 Rac8 20. Rc1 Rfd8 21.
Rfd1 Kh8 22. Nxf7+ Kg8 23. Nxd8 Rxd8 24. d5 Qe5 25. Bd4 Qg5 26. Qe3 Qh5 27.
Qxe6+ Kf8 28. Bxg7+ Ke8 29. Bf6 Rd7 30. Bxe7 Rxe7 31. Qf6 Kd7 32. Re1 Rxe1+ 33.
Rxe1 Kc8 34. Qf8+ Kd7 35. Re7+ 1-0

[Event "Madrid ch Veteranos 2012-2013"]
[Site "Madrid ESP"]
[Date "2012.11.15"]
[Round "8.18"]
[White "Salgado Duarte, Pablo"]
[Black "Beekhof Harmsen, Willen"]
[Result "1-0"]
[WhiteElo "1603"]
[BlackElo "1762"]
[PlyCount "99"]
[EventDate "2012.11.05"]
[EventType "swiss"]
[EventRounds "9"]
[EventCountry "ESP"]
[Source "lmi"]
[SourceDate "2012.11.05"]

1. d4 f5 2. Nf3 b6 3. Nc3 Bb7 4. e3 Nf6 5. Bd3 e6 6. Bd2 Be7 7. O-O O-O 8. Re1
d5 9. Ng5 Qc8 10. Ne2 h6 11. Nf3 c5 12. Ne5 c4 13. Ng6 Re8 14. Rc1 cxd3 15.
cxd3 Qd7 16. Ne5 Qd6 17. a3 Nc6 18. Bc3 Nd7 19. Nxc6 Bxc6 20. Nf4 Bf6 21. Nh5
Rac8 22. Nf4 g5 23. Bb4 Qb8 24. Nh3 e5 25. dxe5 Bxe5 26. Bc3 g4 27. Bxe5 Qxe5
28. Nf4 Qxb2 29. Re2 Qxa3 30. Ra1 Qd6 31. Rxa7 Ra8 32. Ra1 Nc5 33. Rb1 Ra6 34.
Qc2 Ba4 35. Qc3 Ne6 36. Nh5 d4 37. Qc4 b5 38. Qc1 Kf7 39. exd4 Ng5 40. Rxe8
Kxe8 41. Qc8+ Kf7 42. Qxf5+ Kg8 43. Qc8+ Kh7 44. Qb7+ Kg6 45. Nf4+ Kf5 46. Nh5
Rb6 47. Qc8+ Kg6 48. Qe8+ Kf5 49. Ng3+ Kf4 50. Qe3# 1-0

[Event "Madrid ch Veteranos 2012-2013"]
[Site "Madrid ESP"]
[Date "2012.11.15"]
[Round "8.19"]
[White "Perez Carballeira, Francisco"]
[Black "Leniz Martinez, Francisco"]
[Result "0-1"]
[WhiteElo "1608"]
[BlackElo "1783"]
[PlyCount "125"]
[EventDate "2012.11.05"]
[EventType "swiss"]
[EventRounds "9"]
[EventCountry "ESP"]
[Source "lmi"]
[SourceDate "2012.11.05"]

1. d4 Nf6 2. c4 c5 3. d5 g6 4. Nc3 d6 5. Bg5 Bg7 6. f3 O-O 7. e4 a6 8. Bd3 Nbd7
9. Nge2 Ne5 10. O-O Bd7 11. b3 Qa5 12. Bc2 h6 13. Bd2 Be8 14. Ng3 Qc7 15. Rc1
Rb8 16. Bf4 Nfd7 17. Qd2 Kh7 18. Be3 b5 19. cxb5 axb5 20. Bd1 b4 21. Nce2 Qd8
22. Nf4 Nf6 23. Nd3 Nxd3 24. Qxd3 Bb5 25. Qd2 Bxf1 26. Kxf1 Ra8 27. Rc2 Ra3 28.
e5 Ng8 29. exd6 exd6 30. Qd3 Kh8 31. Ne4 f5 32. Nd2 Rf6 33. Nc4 Ra7 34. Bc1
Rff7 35. Be2 Bd4 36. Bf4 Rf6 37. Bg3 Rg7 38. Ke1 Re7 39. Kd1 Rd7 40. Bf4 g5 41.
Be3 Bxe3 42. Nxe3 Qf8 43. Qd2 Ne7 44. Bd3 Qg7 45. Nf1 g4 46. Be2 Rg6 47. Ng3
Ra7 48. Rb2 Qe5 49. Bc4 f4 50. Ne2 gxf3 51. Nxf4 Rf6 52. g3 Nf5 53. Kc1 Re7 54.
Nd3 Qe3 55. Nf2 Qe1+ 56. Nd1 Nd4 57. Qxe1 Rxe1 58. Rf2 Rf7 59. Kd2 Rfe7 60. Rf1
Rxf1 61. Bxf1 Ra7 62. Nf2 Rxa2+ 63. Ke3 0-1

[Event "Madrid ch Veteranos 2012-2013"]
[Site "Madrid ESP"]
[Date "2012.11.15"]
[Round "8.20"]
[White "Maseda Iglesias, Luis"]
[Black "Sanchez Lucena, Juan"]
[Result "1-0"]
[WhiteElo "1741"]
[BlackElo "1411"]
[PlyCount "75"]
[EventDate "2012.11.05"]
[EventType "swiss"]
[EventRounds "9"]
[EventCountry "ESP"]
[Source "lmi"]
[SourceDate "2012.11.05"]

1. d4 Nf6 2. Nf3 d5 3. e3 e6 4. Bd3 c5 5. b3 Nbd7 6. O-O a6 7. Nbd2 b5 8. c4 b4
9. a3 Bb7 10. axb4 dxc4 11. bxc4 cxd4 12. exd4 Bxb4 13. Ba3 a5 14. Qb3 Qe7 15.
Bxb4 Qxb4 16. Qxb4 axb4 17. Rxa8+ Bxa8 18. Rb1 b3 19. Rxb3 O-O 20. h3 Bc6 21.
Rb1 Rd8 22. Kf1 h6 23. Ke2 Kf8 24. Ke3 g5 25. Ne4 Nxe4 26. Bxe4 Bxe4 27. Kxe4
f5+ 28. Ke3 g4 29. hxg4 fxg4 30. Nd2 Nf6 31. Ne4 Nd7 32. g3 Ke7 33. Rb7 Ke8 34.
c5 Nb8 35. Rh7 Nc6 36. Nd6+ Kf8 37. Rxh6 Kg7 38. Rxe6 1-0

[Event "Madrid ch Veteranos 2012-2013"]
[Site "Madrid ESP"]
[Date "2012.11.15"]
[Round "8.21"]
[White "Algaba Traspuesto, Jose Antoni"]
[Black "Greppi Gonzalez, Jose Luis"]
[Result "1-0"]
[WhiteElo "1625"]
[BlackElo "1553"]
[PlyCount "49"]
[EventDate "2012.11.05"]
[EventType "swiss"]
[EventRounds "9"]
[EventCountry "ESP"]
[Source "lmi"]
[SourceDate "2012.11.05"]

1. d4 d5 2. Nf3 Nc6 3. e3 a6 4. Nbd2 Bf5 5. a3 Nf6 6. c4 dxc4 7. Bxc4 e6 8. O-O
h6 9. b4 b5 10. Ba2 Bd6 11. Bb2 Ne7 12. Qe2 Ne4 13. Nxe4 Bxe4 14. Nd2 Bb7 15.
e4 c6 16. d5 e5 17. f4 f6 18. Nf3 Ng6 19. fxe5 fxe5 20. dxc6 Bxc6 21. Rad1 Qc7
22. Nxe5 Nxe5 23. Bxe5 Bxe5 24. Qh5+ g6 25. Qxg6+ 1-0

[Event "Madrid ch Veteranos 2012-2013"]
[Site "Madrid ESP"]
[Date "2012.11.15"]
[Round "8.22"]
[White "Pardinas Riano, Emilio"]
[Black "Alfageme Sanchez, Jesus"]
[Result "1/2-1/2"]
[WhiteElo "1728"]
[BlackElo "1720"]
[PlyCount "118"]
[EventDate "2012.11.05"]
[EventType "swiss"]
[EventRounds "9"]
[EventCountry "ESP"]
[Source "lmi"]
[SourceDate "2012.11.05"]

1. e4 Nc6 2. d4 e5 3. d5 Nce7 4. Nf3 Nf6 5. Be2 Ng6 6. Bd3 Bb4+ 7. Bd2 Bxd2+ 8.
Nbxd2 d6 9. h3 Nf4 10. Bf1 O-O 11. g3 Ng6 12. Bg2 h6 13. c4 Nh7 14. Qe2 f5 15.
Nh2 f4 16. g4 Nh4 17. f3 Nxg2+ 18. Qxg2 Qh4+ 19. Ke2 Qg3 20. Rag1 Qh4 21. Nhf1
a6 22. Qf2 Qxf2+ 23. Kxf2 b5 24. b3 Bd7 25. h4 bxc4 26. Nxc4 Bb5 27. Nfd2 a5
28. Rb1 Bd7 29. Rhc1 Rf7 30. Na3 Rc8 31. Ndc4 a4 32. b4 Nf6 33. b5 Rb8 34. b6
Ne8 35. b7 c6 36. Na5 c5 37. N3c4 Kf8 38. Rb6 Ke7 39. Nc6+ Bxc6 40. dxc6 Nc7
41. Rbb1 Ke6 42. Nb6 Na6 43. Nd7 Rxd7 44. cxd7 Kxd7 45. Rb6 Nb4 46. Rd1 Nc6 47.
a3 Kc7 48. Rdb1 Na5 49. Ra6 Nc6 50. Rxa4 Nd8 51. Ra8 Nxb7 52. Rxb8 Kxb8 53. Ke2
Kc7 54. Kd3 Na5 55. Rb5 Nc6 56. Rb1 Nd4 57. Rf1 Kb6 58. Kc4 Nc2 59. Kb3 Nd4+
1/2-1/2

[Event "Madrid ch Veteranos 2012-2013"]
[Site "Madrid ESP"]
[Date "2012.11.15"]
[Round "8.24"]
[White "Abad Martin-Camunas, Luis"]
[Black "Infante Martin, Alonso"]
[Result "1-0"]
[WhiteElo "1370"]
[BlackElo "1510"]
[PlyCount "129"]
[EventDate "2012.11.05"]
[EventType "swiss"]
[EventRounds "9"]
[EventCountry "ESP"]
[Source "lmi"]
[SourceDate "2012.11.05"]

1. c4 e5 2. Nc3 Nf6 3. g3 c6 4. Bg2 Na6 5. Nf3 d6 6. d3 Nc7 7. O-O Be7 8. Ng5
h6 9. Nge4 Be6 10. f4 Qd7 11. Qe1 d5 12. Nxf6+ Bxf6 13. cxd5 cxd5 14. fxe5 Bxe5
15. Kh1 a6 16. Qf2 O-O 17. d4 Bd6 18. a3 b5 19. Bf4 Be7 20. Qe3 g5 21. Be5 Ne8
22. Qd3 Ng7 23. Bf6 Bxf6 24. Rxf6 Bf5 25. Qf3 Be6 26. Rd1 Ra7 27. Nxd5 Bxd5 28.
Qxd5 Qxd5 29. Bxd5 Rd7 30. Bf3 Kh7 31. Rxa6 Rb8 32. g4 Ne6 33. d5 Nc5 34. Rc6
Na4 35. Rd2 Nb6 36. b3 Nc8 37. Be4+ Kg7 38. Bf5 Rd8 39. Bxc8 Rdxc8 40. Rxc8
Rxc8 41. Kg2 Kf6 42. Kf3 Ke5 43. e4 Rc3+ 44. Ke2 Kd6 45. Rd3 Rc2+ 46. Kf3 f6
47. h3 Rc1 48. a4 bxa4 49. bxa4 Ra1 50. Rd4 Kc5 51. Ke3 Ra3+ 52. Rd3 Rxa4 53.
d6 Ra8 54. d7 Rd8 55. Rd5+ Kc6 56. Rf5 Rxd7 57. Rxf6+ Rd6 58. Rxd6+ Kxd6 59.
Kd4 Ke6 60. e5 Ke7 61. Kd5 Kd7 62. e6+ Ke7 63. Ke5 Ke8 64. Kf6 Kf8 65. Kg6 1-0

[Event "Madrid ch Veteranos 2012-2013"]
[Site "Madrid ESP"]
[Date "2012.11.15"]
[Round "8.25"]
[White "Moral Gonzalez, Vicente"]
[Black "Arias De Reina Martinez, Francisco"]
[Result "0-1"]
[WhiteElo "1521"]
[BlackElo "1623"]
[PlyCount "70"]
[EventDate "2012.11.05"]
[EventType "swiss"]
[EventRounds "9"]
[EventCountry "ESP"]
[Source "lmi"]
[SourceDate "2012.11.05"]

1. e4 c5 2. Nf3 d6 3. Nc3 Nc6 4. d4 cxd4 5. Nxd4 Nf6 6. Bc4 Na5 7. Bb5+ Bd7 8.
Qe2 a6 9. Bd3 Qb6 10. Nf3 Nc6 11. Nd5 Nxd5 12. exd5 Qa5+ 13. Bd2 Qxd5 14. Bc4
Qh5 15. O-O e6 16. Rfe1 d5 17. Bb3 Be7 18. h3 O-O 19. g4 Qg6 20. c3 e5 21. Bxd5
Rac8 22. Nxe5 Nxe5 23. Qxe5 Bf6 24. Qg3 Bc6 25. Bxc6 Rxc6 26. f4 Bd8 27. f5
Bb6+ 28. Kh1 Qf6 29. Bf4 Qd8 30. Red1 Qc8 31. Qd3 Rc4 32. Bg3 Ba7 33. Kh2 b5
34. a3 a5 35. Re1 f6 0-1

[Event "Madrid ch Veteranos 2012-2013"]
[Site "Madrid ESP"]
[Date "2012.11.16"]
[Round "9.1"]
[White "Pastor Alonso De Prado, Albert"]
[Black "Cabanas Bravo, Juan Andres"]
[Result "1-0"]
[WhiteElo "2143"]
[BlackElo "2077"]
[PlyCount "95"]
[EventDate "2012.11.05"]
[EventType "swiss"]
[EventRounds "9"]
[EventCountry "ESP"]
[Source "lmi"]
[SourceDate "2012.11.05"]

1. e4 d5 2. exd5 Nf6 3. Nf3 Bg4 4. h3 Bh5 5. Bb5+ Nbd7 6. c4 a6 7. Ba4 b5 8.
cxb5 Nxd5 9. d4 N5b6 10. g4 Nxa4 11. Qxa4 axb5 12. Qxb5 Bg6 13. Nc3 Rb8 14. Qa4
e6 15. O-O Bd6 16. Re1 O-O 17. Ne4 Bb4 18. Re2 c5 19. a3 Bxe4 20. Rxe4 Nf6 21.
Re5 Nd7 22. Re2 Nb6 23. Qd1 Ra8 24. Bg5 f6 25. Be3 Qd5 26. Kg2 f5 27. dxc5 Qc6
28. Qd6 Qb5 29. Nd4 Qd3 30. Qxe6+ Kh8 31. Qxb6 f4 32. Qxb4 f3+ 33. Nxf3 Qxe2
34. Nd4 Qd3 35. Qd2 Qc4 36. Rc1 Qd5+ 37. f3 Rae8 38. c6 h5 39. b4 Re4 40. fxe4
Qxe4+ 41. Kg1 hxg4 42. hxg4 Qxg4+ 43. Qg2 Qc8 44. Rc5 Qe8 45. Qh3+ Kg8 46. c7
Qg6+ 47. Kh2 Qb1 48. Qe6+ 1-0

[Event "Madrid ch Veteranos 2012-2013"]
[Site "Madrid ESP"]
[Date "2012.11.16"]
[Round "9.2"]
[White "Moragrega Herrero, Juan Jose"]
[Black "Estrada Martinez, Cesar"]
[Result "1/2-1/2"]
[WhiteElo "1922"]
[BlackElo "2085"]
[PlyCount "225"]
[EventDate "2012.11.05"]
[EventType "swiss"]
[EventRounds "9"]
[EventCountry "ESP"]
[Source "lmi"]
[SourceDate "2012.11.05"]

1. d4 Nf6 2. g3 c5 3. d5 d6 4. Bg2 g6 5. b3 Bg7 6. Bb2 O-O 7. Nf3 Qa5+ 8. Bc3
Qc7 9. O-O b5 10. Re1 Bb7 11. Nh4 b4 12. Bb2 Nbd7 13. c4 bxc3 14. Nxc3 Ba6 15.
Rc1 Rab8 16. Ba1 Qa5 17. Na4 Bb5 18. Bc3 Qc7 19. Nb2 a5 20. e4 Qa7 21. Bf1 Bxf1
22. Kxf1 Nb6 23. Nc4 Qa6 24. Kg2 Nxc4 25. bxc4 Nd7 26. Bxg7 Kxg7 27. f4 Rb4 28.
Qd3 f6 29. a3 Rb2+ 30. Re2 Rfb8 31. Rcc2 R8b3 32. Qd1 Qb7 33. Nf3 Rxc2 34. Qxc2
a4 35. e5 dxe5 36. fxe5 Rxa3 37. exf6+ Nxf6 38. Ng5 Kg8 39. Ne6 Qb3 40. Rf2
Qxc2 41. Rxc2 Nd7 42. Kh3 Rb3 43. Nc7 a3 44. Kg4 Rb2 45. Rc3 a2 46. Ra3 h6 47.
Ne6 Kf7 48. Nd8+ Kf6 49. Nc6 Rc2 50. Kh3 Kf7 51. Rf3+ Nf6 52. Ra3 h5 53. Ra7
Ng4 54. Kh4 Kf6 55. h3 Nh6 56. Nxe7 Rxc4+ 57. g4 hxg4 58. d6 gxh3+ 59. Kxh3
Rc3+ 60. Kg2 Rc2+ 61. Kf3 Rd2 62. Nc8 Nf7 63. Ke3 Rd5 64. d7 Rxd7 65. Rxa2 Ke5
66. Nb6 Rb7 67. Nc4+ Kd5 68. Na5 Re7+ 69. Kf3 c4 70. Rd2+ Kc5 71. Rc2 Nd6 72.
Nb3+ Kb4 73. Nd4 Rf7+ 74. Kg4 c3 75. Ne2 Nb5 76. Nxc3 Nxc3 77. Kg5 Rf3 78. Kxg6
Kc4 79. Rg2 Kd5 80. Rg5+ Ke6 81. Rg4 Rf6+ 82. Kg7 Rf3 83. Kg6 Nd5 84. Re4+ Kd6
85. Re1 Nf4+ 86. Kg5 Nd3 87. Re8 Ne5 88. Ra8 Rg3+ 89. Kf5 Nc6 90. Re8 Rg1 91.
Kf4 Rf1+ 92. Kg3 Ne5 93. Ra8 Kd5 94. Ra4 Nc4 95. Ra8 Ke4 96. Re8+ Ne5 97. Ra8
Rf7 98. Ra4+ Ke3 99. Ra3+ Nd3 100. Kg4 Rf1 101. Kg3 Rg1+ 102. Kh4 Ke4 103. Ra4+
Kf5 104. Ra5+ Ne5 105. Kh3 Rg8 106. Kh2 Ke4 107. Ra4+ Kf5 108. Ra3 Nd7 109. Kh3
Ke4 110. Kh4 Kf4 111. Ra4+ Kf5 112. Ra5+ Ne5 113. Kh3 1/2-1/2

[Event "Madrid ch Veteranos 2012-2013"]
[Site "Madrid ESP"]
[Date "2012.11.16"]
[Round "9.3"]
[White "De Juan Rivas, Antonio"]
[Black "Gonzalez Mateos, Rafael"]
[Result "0-1"]
[WhiteElo "1857"]
[BlackElo "2128"]
[PlyCount "63"]
[EventDate "2012.11.05"]
[EventType "swiss"]
[EventRounds "9"]
[EventCountry "ESP"]
[Source "lmi"]
[SourceDate "2012.11.05"]

1. e4 e6 2. d4 d5 3. Nc3 Bb4 4. e5 Ne7 5. a3 Bxc3+ 6. bxc3 c5 7. Qg4 O-O 8. Bh6
Ng6 9. Bd2 Nc6 10. Ne2 f6 11. f4 Qb6 12. dxc5 Qb2 13. Rc1 fxe5 14. a4 exf4 15.
Nxf4 Nxf4 16. Bxf4 e5 17. Qd1 exf4 18. Qxd5+ Kh8 19. Qd2 Bg4 20. Bd3 Rae8+ 21.
Kf2 Qa3 22. Rhe1 Qxc5+ 23. Kf1 Rxe1+ 24. Rxe1 f3 25. Re3 fxg2+ 26. Kxg2 Qg5 27.
Kh1 g6 28. Be2 Qf4 29. Qd3 Bxe2 30. Qxe2 Qf1+ 31. Qxf1 Rxf1+ 32. Kg2 0-1

[Event "Madrid ch Veteranos 2012-2013"]
[Site "Madrid ESP"]
[Date "2012.11.16"]
[Round "9.4"]
[White "Fernandez Garcia, Ignacio"]
[Black "Garcia Esteban, Ignacio"]
[Result "1/2-1/2"]
[WhiteElo "1794"]
[BlackElo "1941"]
[PlyCount "20"]
[EventDate "2012.11.05"]
[EventType "swiss"]
[EventRounds "9"]
[EventCountry "ESP"]
[Source "lmi"]
[SourceDate "2012.11.05"]

1. e4 c5 2. Nf3 Nc6 3. Bc4 e6 4. Nc3 Be7 5. d4 cxd4 6. Nxd4 Nxd4 7. Qxd4 Nf6 8.
f3 O-O 9. Be3 d6 10. O-O-O a6 1/2-1/2

[Event "Madrid ch Veteranos 2012-2013"]
[Site "Madrid ESP"]
[Date "2012.11.16"]
[Round "9.5"]
[White "Minguela Munoz, Bienvenido"]
[Black "Hernandez Gutierrez, Jose"]
[Result "1-0"]
[WhiteElo "1883"]
[BlackElo "1854"]
[PlyCount "99"]
[EventDate "2012.11.05"]
[EventType "swiss"]
[EventRounds "9"]
[EventCountry "ESP"]
[Source "lmi"]
[SourceDate "2012.11.05"]

1. Nf3 Nf6 2. d4 e6 3. c4 b6 4. Nc3 Bb7 5. e3 Bb4 6. Bd3 Bxc3+ 7. bxc3 Ne4 8.
Qc2 f5 9. Ba3 d6 10. c5 Nd7 11. Qb3 Qe7 12. Bb5 c6 13. cxd6 Nxd6 14. Bc4 Nf8
15. Ne5 b5 16. Bxb5 Qc7 17. Be2 Bc8 18. Rb1 Ng6 19. Bxd6 Qxd6 20. Nxc6 O-O 21.
Bf3 Bd7 22. Qb4 Qxb4 23. cxb4 Bxc6 24. Bxc6 Rad8 25. b5 Ne7 26. Bf3 Rc8 27. Kd2
Rc4 28. Rhc1 Rfc8 29. Be2 Rxc1 30. Rxc1 Kf7 31. Rxc8 Nxc8 32. Kc3 Ke7 33. Kb4
Kd6 34. Bf3 g5 35. g3 Ne7 36. Ka5 Kc7 37. Ka6 Nc8 38. e4 fxe4 39. Bxe4 h6 40.
h4 gxh4 41. gxh4 Kb8 42. Bc6 Ne7 43. Bd7 Ng6 44. Bxe6 Nxh4 45. d5 Ng6 46. d6
Nf4 47. Bf5 Nd5 48. d7 Kc7 49. Kxa7 h5 50. b6+ 1-0

[Event "Madrid ch Veteranos 2012-2013"]
[Site "Madrid ESP"]
[Date "2012.11.16"]
[Round "9.6"]
[White "Corredor Gonzalez, Angel L"]
[Black "Camarero Izquierdo, Juan C"]
[Result "1-0"]
[WhiteElo "1760"]
[BlackElo "1942"]
[PlyCount "105"]
[EventDate "2012.11.05"]
[EventType "swiss"]
[EventRounds "9"]
[EventCountry "ESP"]
[Source "lmi"]
[SourceDate "2012.11.05"]

1. e4 c5 2. Nf3 d6 3. d4 cxd4 4. Nxd4 Nf6 5. Nc3 a6 6. Bg5 e6 7. f4 Be7 8. Be2
O-O 9. O-O b5 10. e5 dxe5 11. fxe5 Nd5 12. Bxe7 Nxe7 13. Bf3 Ra7 14. Kh1 Rd7
15. Nce2 Nf5 16. c3 Ne3 17. Qb3 Nxf1 18. Rxf1 Bb7 19. Nf4 Bxf3 20. gxf3 Re7 21.
Nfxe6 fxe6 22. Nxe6 Rxe6 23. Qxe6+ Kh8 24. Qg4 Nc6 25. Rg1 g6 26. Qe4 Ne7 27.
Re1 Qd2 28. Re2 Qc1+ 29. Kg2 Nf5 30. e6 Qg5+ 31. Kf2 Qe7 32. Rd2 Re8 33. Re2 h6
34. Qc6 Qa7+ 35. Kg2 Re7 36. Rd2 Qe3 37. Rd8+ Kg7 38. Rd7 Qe2+ 39. Kg1 Qe1+ 40.
Kg2 Ne3+ 41. Kh3 Qf1+ 42. Kg3 Nf5+ 43. Kf4 Qc1+ 44. Ke5 g5 45. Qe4 Qxb2 46.
Kxf5 Qa3 47. Qe5+ Kh7 48. Kf6 Rxd7 49. exd7 Qf8+ 50. Ke6 Qg8+ 51. Kd6 Qb8+ 52.
Ke6 Qg8+ 53. Ke7 1-0

[Event "Madrid ch Veteranos 2012-2013"]
[Site "Madrid ESP"]
[Date "2012.11.16"]
[Round "9.7"]
[White "Diaz Begonte, Manuel"]
[Black "Ortega Morales, Pedro"]
[Result "1/2-1/2"]
[WhiteElo "1787"]
[BlackElo "1862"]
[PlyCount "103"]
[EventDate "2012.11.05"]
[EventType "swiss"]
[EventRounds "9"]
[EventCountry "ESP"]
[Source "lmi"]
[SourceDate "2012.11.05"]

1. d4 Nf6 2. Nc3 d5 3. Bf4 c6 4. e3 Bf5 5. Bd3 e6 6. Bxf5 exf5 7. Nf3 g6 8. O-O
Bg7 9. h3 O-O 10. b4 a6 11. Ne5 Nbd7 12. Na4 Nxe5 13. Bxe5 Re8 14. Nc5 b6 15.
Nd3 Nd7 16. Bxg7 Kxg7 17. Rc1 a5 18. Qd2 Nf6 19. c4 Ne4 20. Qb2 f6 21. cxd5
Qxd5 22. bxa5 Qxa5 23. Rxc6 b5 24. Nb4 Qa3 25. Qxa3 Rxa3 26. Rb6 Nc3 27. Rb7+
Kg8 28. Kh2 Nxa2 29. Nd5 Re6 30. Rxb5 Ra7 31. Rfb1 Rd6 32. Rb8+ Kg7 33. R1b7+
Rd7 34. Rxd7+ Rxd7 35. Nf4 Nc3 36. Ne6+ Kf7 37. Nc5 Re7 38. Rb7 Nd5 39. Rxe7+
Kxe7 40. Kg3 g5 41. Kf3 h5 42. g4 hxg4+ 43. hxg4 f4 44. Ke4 fxe3 45. fxe3 Nc3+
46. Kf5 Nd1 47. Ke4 Kd6 48. Nb7+ Ke6 49. d5+ Kd7 50. Kd4 Nf2 51. Nc5+ Ke7 52.
d6+ 1/2-1/2

[Event "Madrid ch Veteranos 2012-2013"]
[Site "Madrid ESP"]
[Date "2012.11.16"]
[Round "9.8"]
[White "Castro Uceda, Jose Antonio"]
[Black "Martin-Consuegra Barrilero, Ja"]
[Result "0-1"]
[WhiteElo "1647"]
[BlackElo "1855"]
[PlyCount "104"]
[EventDate "2012.11.05"]
[EventType "swiss"]
[EventRounds "9"]
[EventCountry "ESP"]
[Source "lmi"]
[SourceDate "2012.11.05"]

1. d4 d6 2. e4 Nf6 3. Bd3 e5 4. d5 Be7 5. h3 c6 6. c4 O-O 7. Nf3 a6 8. O-O Bd7
9. Re1 Ne8 10. a4 a5 11. Qb3 Na6 12. Be3 Nb4 13. Bd2 Nxd3 14. Qxd3 f5 15. b4
axb4 16. Bxb4 c5 17. Bd2 fxe4 18. Qxe4 Rxa4 19. Rxa4 Bxa4 20. Qg4 Bd7 21. Qg3
Nf6 22. Nc3 Nh5 23. Qh2 Nf4 24. Bxf4 Rxf4 25. Ne4 b5 26. Nfd2 b4 27. Qg3 Bf5
28. Qb3 Bxe4 29. Nxe4 Qa5 30. g3 Rf7 31. Rb1 h6 32. Qd1 Qb6 33. Qa4 Bf8 34. Qe8
Qc7 35. Kg2 Qd7 36. Qxd7 Rxd7 37. Kf3 Ra7 38. Kg4 Kf7 39. h4 g6 40. f4 h5+ 41.
Kf3 Ra3+ 42. Kg2 exf4 43. gxf4 Re3 44. Ng5+ Kf6 45. Kf2 Ra3 46. Ke2 Kf5 47. Kf2
Bh6 48. Ne6 Bxf4 49. Ke2 Ke4 50. Re1 Re3+ 51. Kd1 Rxe1+ 52. Kxe1 Bg3+ 0-1

[Event "Madrid ch Veteranos 2012-2013"]
[Site "Madrid ESP"]
[Date "2012.11.16"]
[Round "9.9"]
[White "Lopez Peral, Enrique"]
[Black "Rodriguez Bachiller, Luis"]
[Result "1-0"]
[WhiteElo "1832"]
[BlackElo "1756"]
[PlyCount "107"]
[EventDate "2012.11.05"]
[EventType "swiss"]
[EventRounds "9"]
[EventCountry "ESP"]
[Source "lmi"]
[SourceDate "2012.11.05"]

1. Nf3 Nf6 2. c4 g6 3. g3 Bg7 4. Bg2 O-O 5. Nc3 d6 6. O-O Be6 7. Nd4 Bc8 8. Nf3
Be6 9. d3 Qc8 10. Qd2 Bh3 11. b3 Bxg2 12. Kxg2 c5 13. Bb2 Qc6 14. Kg1 e5 15. a3
Na6 16. Nb5 Nc7 17. Nxc7 Qxc7 18. b4 Rad8 19. Bc3 Nd7 20. h4 h5 21. Qb2 Rfe8
22. Rab1 b6 23. a4 cxb4 24. Qxb4 Qc5 25. Nd2 f5 26. Nb3 Qxb4 27. Bxb4 Nc5 28.
a5 Nxb3 29. Rxb3 bxa5 30. Bxa5 Rd7 31. Rfb1 Ree7 32. Bd2 Bf6 33. Be3 f4 34. Bd2
g5 35. hxg5 Bxg5 36. Rb8+ Kf7 37. Ra8 Kg6 38. Kg2 fxg3 39. Bxg5 Kxg5 40. Kxg3
Rh7 41. Rc8 Kf5 42. c5 dxc5 43. Rxc5 Rdg7+ 44. Kf3 Rc7 45. e4+ Ke6 46. Ra5
Rhf7+ 47. Ke3 Rf4 48. Rbb5 Rcf7 49. Rxe5+ Kd6 50. Rxh5 Rxf2 51. Ra6+ Ke7 52.
Rxa7+ Kf8 53. Rxf7+ Rxf7 54. Rf5 1-0